000 nam a22 a 4500
999 _c3749
_d3749
005 20170523163829.0
008 170523b2000 enk||||| |||| 00| 0 eng d
020 _a0714127019
040 _aAKMAL
082 _a738 COO
090 _a738
_bCOO
100 _aCooper, Emmanuel.
_97415
245 _aTen thousand years of pottery /
_cEmmanuel Cooper.
250 _a[4th rev. & updated ed.]
260 _aLondon
_bBritish Museum Press
_c2000.
300 _a352 p.
_c28cm
500 _aPrevious ed.: published as A history of world pottery. 1988.
504 _aIncludes bibliographical references and index.
650 _aPottery
_xHistory.
_97416
700 _cCooper, Emmanuel.
_97415
942 _2ddc
_cBOOK